Chargement en cours...

Adventures of Huckleberry Finn /

Détails bibliographiques
Auteur principal: Clemens, Samuel L
Format: Printed Book
Publié: U S A Best loved Classics , 1953.
Sujets:
LEADER 00442cam a2200133ua 4500
082 1 4 |a 813.4  |b CLE-A 
100 1 |a Clemens, Samuel L . 
245 1 0 |a Adventures of Huckleberry Finn /  
260 |a U S A  |b Best loved Classics ,   |c 1953. 
300 |a 254p. 
650 0 |a Children`s literature 
942 |c BK 
999 |c 42260  |d 42260 
952 |0 0  |1 0  |4 0  |6 813_400000000000000_CLEA  |7 0  |9 54163  |a KU  |b KU  |c GEN  |d 2015-07-05  |l 4  |o 813.4 CLE-A  |p EN01742  |r 2018-02-22  |s 2018-01-25  |y BK